Biblioteca

The sub loco notes in the Torah of Biblia Hebraica Stuttgartensia (Registro nro. 31699)

Detalles MARC
000 -LÍDER
Campo fijo de descripción fija 01006cam a2200301 i 4500
001 - NÚMERO DE CONTROL
Campo de control 162
003 - IDENTIFICADOR DEL NÚMERO DE CONTROL
Campo de control CO-MdFUSB
005 - FECHA Y HORA DE LA ULTIMA TRANSACCIÓN
control field 20220621092718.0
008 - ELEMENTOS DE LONGITUD FIJA -- INFORMACIÓN GENERAL
Campo fijo de descripción fija -- Información general 160531t1994 us f |||| 00| 0 eng d
020 ## - NÚMERO INTERNACIONAL NORMALIZADO PARA LIBROS
Número Internacional Normalizado del libro 0-941037-33-9
040 ## - FUENTE DE CATALOGACIÓN
Agencia de catalogación original CO-MdFUSB
Idioma de catalogación Español
Agencia que realiza la transcripción CO-MdFUSB
Agencia que realiza la modificación CO-MdFUSB
Convenciones de la descripción rda
041 0# - CÓDIGO DE IDIOMA
Código de idioma para texto/pista de sonido o título separado eng
082 04 - NÚMERO DE CLASIFICACIÓN DECIMAL DEWEY
Número de clasificación 222.1044
Clave de autor-Numero de item M997s
100 1# - ASIENTO PRINCIPAL--NOMBRE PERSONAL
Nombre personal Mynatt, Daniel S.
245 00 - TÍTULO
Título del Material The sub loco notes in the Torah of Biblia Hebraica Stuttgartensia
Mención de responsabilidad, etc. / Daniel S. Mynatt
264 #1 - PRODUCCIÓN, PUBLICACIÓN, DISTRIBUCIÓN, MANUFACTURA, Y COPYRIGHT
Lugar de producción, publicación, distribución, manufactura Texas
Nombre del productor, publicador, distribuidor : Bibal,
Fecha de producción, publicación, distribución, manufactura, o copyright [1994]
264 #4 - PRODUCCIÓN, PUBLICACIÓN, DISTRIBUCIÓN, MANUFACTURA, Y COPYRIGHT
Fecha de producción, publicación, distribución, manufactura, o copyright © 1994
300 ## - DESCRIPCIÓN FÍSICA
Extensión 278 Pag.
Dimensiones ;
336 ## - TIPO DE CONTENIDO
Fuente rdacontent
Término de tipo de contenido texto
Código de tipo de contenido txt
337 ## - TIPO DE MEDIO
Fuente rdamedia
Nombre del tipo de medio sin mediación
Código del tipo de medio n
338 ## - TIPO DE SOPORTE
Fuente rdacarrier
Nombre del tipo de soporte volumen
Código Tipo de soporte nc
500 ## - NOTA GENERAL
Nota General A dissertation submittet to the Southern Baptist Theological Seminary in conformity with the requirements for the degree of Doctor of Philosophy.
505 ## - NOTA DE CONTENIDO
Nota de contenido con formato preestablecido Torah
630 07 - TITULO UNIFORME
Título uniforme Biblia.
Nombre de parte o sección de la obra Antiguo Testamento
630 07 - TITULO UNIFORME
Título uniforme Biblia
Subdivisión de materia general Crítica, interpretación, etc.
942 ## - TIPO DE MATERIAL (KOHA)
Tipo de Item KOHA Libros General
945 ## - INFORMACIÓN LOCAL DEL REGISTRO
Catalogador estudiante
Existencias
Estado de Material Estado de Perdido Estado de Dañado No para Préstamo Colección Tomo Biblioteca de Origen Biblioteca Permanente Fecha de Adquisición Total de Préstamos Signatura Topográfica Código de Barras Última vez visto Fecha de Remplazo Tipo de Material
        Colección de Referencia   Biblioteca FUSBC Biblioteca FUSBC 01/09/2004   R 222.1044 M997s 14877 12/12/2019 26/01/2016 Libros de Referencia

Biblioteca FUSBC | Teléfono: (57+4) 349 88 10 Ext. 141| WhatsApp (+57) 3005338115 
E-mail: biblioteca@unisbc.edu.co | Calle 76 87-14 Robledo Palenque, Medellín, Colombia

Con tecnología Koha